|
|
|
|
| LEADER |
01417nam a2200385Ia 4500 |
| 001 |
EBC226729 |
| 003 |
MiAaPQ |
| 005 |
20200520144314.0 |
| 006 |
m o d | |
| 007 |
cr cn||||||||| |
| 008 |
031218s2004 enkabc sb 001 0 eng d |
| 020 |
|
|
|z 0750662611
|
| 020 |
|
|
|z 0750662794 (fixed income markets library)
|
| 035 |
|
|
|a (MiAaPQ)EBC226729
|
| 035 |
|
|
|a (Au-PeEL)EBL226729
|
| 035 |
|
|
|a (CaPaEBR)ebr10128028
|
| 035 |
|
|
|a (CaONFJC)MIL100925
|
| 035 |
|
|
|a (OCoLC)701840269
|
| 040 |
|
|
|a MiAaPQ
|c MiAaPQ
|d MiAaPQ
|
| 050 |
|
4 |
|a HG4651
|b .C46 2004
|
| 082 |
0 |
4 |
|a 332.63234
|2 22
|
| 100 |
1 |
|
|a Choudhry, Moorad.
|
| 245 |
1 |
0 |
|a Corporate bonds and structured financial products
|h [electronic resource] /
|c Moorad Choudhry.
|
| 260 |
|
|
|a London :
|b Elsevier Butterworth-Heinemann,
|c 2004.
|
| 300 |
|
|
|a xv, 472 p. :
|b ill., map, ports.
|
| 490 |
1 |
|
|a Fixed income markets library
|
| 504 |
|
|
|a Includes bibliographical references and index.
|
| 533 |
|
|
|a Electronic reproduction. Ann Arbor, MI : ProQuest, 2015. Available via World Wide Web. Access may be limited to ProQuest affiliated libraries.
|
| 650 |
|
0 |
|a Bonds.
|
| 650 |
|
0 |
|a Corporate bonds.
|
| 650 |
|
0 |
|a Structured notes (Securities)
|
| 650 |
|
0 |
|a Investment analysis.
|
| 655 |
|
4 |
|a Electronic books.
|
| 830 |
|
0 |
|a Fixed income markets library.
|
| 856 |
4 |
0 |
|u https://ebookcentral.proquest.com/lib/matrademy/detail.action?docID=226729
|z Click to View
|